Statistiken für Ewige Tabelle der Fußball-Bundesliga

Klicken Sie hier um das Quiz zu spielen!

Allgemein

  • Dieses Quiz wurde 387 mal gespielt
  • Das Durchschnittsergebnis liegt bei 9 aus 10

Antwortstatistiken

RangPunkteVerein% Korrekt
32779Borussia Dortmund
100%
13651FC Bayern München
100%
42733Hamburger SV
95%
22798Werder Bremen
92%
72466FC Schalke 04
88%
62547Borussia Mönchengladbach
85%
822941. FC Köln
84%
52641VfB Stuttgart
84%
92269Eintracht Frankfurt
76%
1020941. FC Kaiserslautern
59%

Verteilung der Resultate

Perzentil nach korrekt beantworteten Fragen

Anzahl Personen mit jedem Resultat

Ihre Resultats-Entwicklung

Sie haben dieses Quiz noch nicht gespielt